000 00779nam a2200217Ia 4500
003 GCL
008 140319s9999 xx 000 0 ara d
040 _aGCL /
_cGCL
082 0 4 _a428
_bم ت
100 1 _aابراهيم الحصرى
245 1 0 _aالتدريب على المحادثة فى اللغة الانجليزية ENGLISH CONVERSTION PRACTICE /
_cابراهيم الحصرى
700 1 _aمتهولد. ك
250 _aالاولى
260 _aالقاهرة :
_bمكتبة مدبولى ،
_c2000
300 _a61 ص:
_bايض ؛
_c20 سم
650 0 4 _aاللغة الانجليزية
650 0 4 _aالمحادثة
650 0 4 _aاللغات - طرق التدريس
650 0 4 _aاللغة الانجليزية - دراسة وتعلم
942 _2ddc
_cBK
999 _c4880
_d4880